MARC

Tag First Indicator Second Indicator Subfields
LEADER 00000cam a2200000 a 4500
001 in00002705921
005 20211120162346.0
006 m d f
007 cr cn|||||||||
008 110817s2011 mauab ob f000 0 eng c
035 |a (OCoLC)ocn747033691 
040 |a GPO  |c GPO  |d MvI  |d UtOrBLW 
042 |a pcc 
043 |a n-us-ma  |a n-us-ri 
049 |a WWW 
074 |a 0649-A (online) 
086 0 |a I 29.58/4:B 56 
110 1 |a United States.  |b National Park Service.  |b Northeast Region.  |b Park Planning & Special Studies Division.  |b Boston Office. 
245 1 0 |a Blackstone River Valley. 
264 1 |a Boston, Mass. :  |b National Park Service, Northeast Region/Boston Office, Park Planning and Special Studies,  |c 2011. 
300 |a 1 online resource (113 pages) :  |b color illustrations, color maps. 
336 |a text  |b txt  |2 rdacontent 
337 |a computer  |b c  |2 rdamedia 
338 |a online resource  |b cr  |2 rdacarrier 
490 1 |a Special resource study 
500 |a Title from title screen (viewed on , 2011). 
500 |a "Study report." 
504 |a Includes bibliographical references (pages 110-113). 
500 |a Electronic resource. 
651 0 |a John H. Chafee Blackstone River Valley National Heritage Corridor (Mass. and R.I.) 
650 0 |a Historic preservation  |z John H. Chafee Blackstone River Valley National Heritage Corridor (Mass. and R.I.) 
650 0 |a Cultural property  |z John H. Chafee Blackstone River Valley National Heritage Corridor (Mass. and R.I.)  |x Protection. 
650 0 |a Industrial revolution  |z Blackstone River Valley (Mass. and R.I.) 
776 0 8 |i Print version:  |a United States. National Park Service. Northeast Region. Park Planning & Special Studies Division. Boston Office.  |t Blackstone River Valley  |w (OCoLC)746763903 
830 0 |a Special resource study. 
856 4 0 |u https://purl.fdlp.gov/GPO/gpo11539  |t 0 
999 |a MARS 
999 f f |s fb7cac64-5a67-30c3-930a-7211836c5a95  |i 5d31ebe0-6f1d-39db-b240-1e0540a56eda  |t 0 
952 f f |a Texas A&M University  |b College Station  |c Electronic Resources  |d Available Online  |t 0  |e I 29.58/4:B 56  |h Superintendent of Documents classification 
998 f f |a I 29.58/4:B 56  |t 0  |l Available Online